00779nam a2200205 a 450000100100000000500170001000800410002704000250006808200170009310000320011024500710014226000620021330000430027550000350031850000430035370000300039604900090042695201210043599900170055600002438020200930022947.0110126s1960 xxuabd r 001 0 eng d aDO-SdBNPbspacBNPHU axxxxxbS749a1 aSperling, Abraham P.94999510aArithmetic made simple /cAbraham P. Sperling , Samuel D. Levison. aNew York :bMade Simple Books Doubleday & Company,c1960. a160 p. :bil., mapas., diag. ;c25 cm. aIncluye índice alfabético. aIncluye notas al pie de las páginas.1 aLevison, Samuel D.949996 aBNGR 001054708MOaGRbGRcCTd2011-01-26iLF1l0oxxxxx S749ap24380-10r2020-06-25w2020-06-25y4ZPréstamo en sala c23873d23873